| 000 | 00601nam a22001937a 4500 | ||
|---|---|---|---|
| 003 | OSt | ||
| 005 | 20181129051649.0 | ||
| 008 | 180313b xxu||||| |||| 00| 0 spa d | ||
| 020 | _a9501400123 | ||
| 040 | _cPJ | ||
| 100 |
_9117 _aGoldschmidt, Werner |
||
| 245 | 1 | 0 |
_aIntroducción filosófica al derecho : _bla teoría trialista del mundo jurídico y sus horizontes / _cWerner Goldschmidt. |
| 250 | _a6a. ed. | ||
| 260 |
_aBuenos Aires : _bDepalma, _c1987. |
||
| 300 | _a665 p. | ||
| 504 | _aBibliografía: p. 665. | ||
| 650 |
_aFILOSOFIA DEL DERECHO _9177 |
||
| 942 |
_2udc _cLIB _h340.12 _iGOL |
||
| 999 |
_c252 _d252 |
||